Sports Quiz

Random Sports or Baseball Quiz

5 World Series Winners Quiz Stats

 Plays Quiz Updated Nov 11, 2016

Challenge
Share
Tweet
Embed
Score 0/75 Timer 08:00
2 Plays Today
% Correct
Anthony Rizzo
90.2%
Kris Bryant
86.7%
Jake Arrieta
85.9%
David Ortiz
85%
Buster Posey
84.9%
Madison Bumgarner
84.5%
Alex Rodriguez
83.3%
Albert Pujols
82.7%
Derek Jeter
82.1%
Dustin Pedroia
81.8%
Dexter Fowler
80.6%
Pablo Sandoval
80.3%
Ryan Howard
77.8%
Eric Hosmer
76.4%
Jimmy Rollins
76%
Cole Hamels
75.4%
Jacoby Ellsbury
75.3%
David Freese
74.8%
Mark Teixeira
74.8%
Kyle Hendricks
74.2%
Mike Moustakas
71.8%
Hideki Matsui
71.1%
Randy Johnson
69.6%
Dontrelle Willis
68.9%
Greg Maddux
68.5%
Allen Craig
68.5%
Tom Glavine
67.9%
Salvador Perez
67.7%
Mike Napoli
66.9%
Alcides Escobar
66.2%
Sergio Romo
66.1%
Jermaine Dye
64.7%
Troy Glaus
64.1%
Edinson Volquez
63%
Bobby Jenks
62.6%
Miguel Cabrera
62.1%
Garret Anderson
61.3%
Koji Uehara
61.2%
% Correct
Tim Salmon
61.1%
Kirby Puckett
61.1%
Juan Pierre
59.8%
Carlos Ruiz
57.6%
Brad Lidge
57.1%
Francisco Rodríguez
52.7%
José Contreras
52.1%
Alex González
52.1%
Steve Finley
52%
Jason Motte
51.9%
Lance Berkman
51.3%
Roberto Alomar
51%
John Olerud
50.5%
Michael Morse
50.5%
Carl Pavano
50.4%
Matt Williams
48.9%
Robinson Canó
47.5%
Ryan Klesko
47.3%
Paul Molitor
47.2%
Bengie Molina
45.4%
Marquis Grissom
44.2%
Rob Dibble
43.7%
Mark Wohlers
43.6%
Dave Stewart
42.5%
José Rijo
40.7%
Norm Charlton
38.5%
Jay Bell
38%
Billy Hatcher
35.8%
Greg Gagne
34.3%
Kevin Tapani
34.1%
Gene Larkin
31.1%
Tadahito Iguchi
29.6%
Juan Guzmán
29.4%
Danny Bautista
28.8%
Glenn Braggs
23.7%
Willie Harris
21.9%
Junior Ortiz
18.1%

You're not logged in!

Compare scores with friends on all Sporcle quizzes.
Join for Free
OR
Log In

You Might Also Like...

Show Comments

Extras

Top Quizzes Today


Score Distribution

Your Account Isn't Verified!

In order to create a playlist on Sporcle, you need to verify the email address you used during registration. Go to your Sporcle Settings to finish the process.

Report this User

Report this user for behavior that violates our Community Guidelines.

Details: